Нормален изглед
MARC изглед
- Сокерова, Юлиана Манчева
Вход 01. Лично име
001 - Контролен номер на записа
- Контролно поле: 327635
003 - Код на организацията, даваща контролен номер
- Контролно поле: BLK
005 - Дата и час на последна промяна на записа
- Контролно поле: 20240730150733.0
008 - Данни с фиксирана дължина – обща информация
- Данни с фиксирана дължина : 180420|| aca||aabn | a|a d
100 ## - ИМЕ НА ЛИЦЕ -ПЪРВИЧНА ИНТЕЛЕКТУАЛНА ОТГОВОРНОСТ
- Лично име: Сокерова, Юлиана Манчева
- Дати, свързани с автора: 1951 - 2013
- Друга информация: Русенска поетеса
942 ## - Системна служебна употреба
- Koha auth type: PERSO_NAME